| 000 | 00399pab a2200145 454500 | ||
|---|---|---|---|
| 008 | 180718b1989 xxu||||| |||| 00| 0 eng d | ||
| 100 | _aSharma, Damodar | ||
| 245 | _aImplementation of IRDP in Ganganagar disrict of Rajasthan | ||
| 260 | _c1989 | ||
| 300 | _a109-12 | ||
| 362 | _aJan. | ||
| 650 | _aRural Development - India - Rajasthan | ||
| 773 | _aJournal of Rural Development | ||
| 909 | _a17875 | ||
| 999 |
_c17875 _d17875 |
||